Welcome to the Holygrace Academy Library

Please use search bar below to get started

THE DEMON HEADMASTER (Record no. 5787)

MARC details
000 -LEADER
fixed length control field 00313nam a22001457a 4500
020 ## - INTERNATIONAL STANDARD BOOK NUMBER
ISBN 9780192758583
082 ## - DEWEY DECIMAL CLASSIFICATION NUMBER
Classification number 823
Item number CRO/D
100 ## - MAIN ENTRY--AUTHOR NAME
Personal name CROSS, GILLIAN
245 ## - TITLE STATEMENT
Title THE DEMON HEADMASTER
260 ## - PUBLICATION, DISTRIBUTION, ETC. (IMPRINT)
Name of publisher OXFORD UNIVERSITY PRESS
300 ## - PHYSICAL DESCRIPTION
Number of Pages 189
520 ## - SUMMARY, ETC.
Summary, etc SHORT STORY
650 ## - SUBJECT ADDED ENTRY--TOPICAL TERM
Topical Term SHORT STORY
942 ## - ADDED ENTRY ELEMENTS (KOHA)
Koha item type Books

No items available.